000 00678nam a2200289Ia 4500
005 20260324115841.0
008 008 260324s9999 xx 000 0 eng d
020 _a9781315303512
037 _aEBOOK
040 _aCRL
040 _beng
040 _cCRL
041 _2eng
041 _aeng
084 _qCRL
100 _aVien Van
_91156247
245 0 _aOptical Microring Resonators
245 0 _bTheory, Techniques, and Applications
260 _bTaylor and Francis
260 _c2016
365 _a
365 _b385
856 _uhttp://www.taylorfrancis.com/books/9781315303512
942 _cEBOOK
999 _c1747429
_d1747429